Una bellezza russa e altri racconti /

Gespeichert in:
Bibliographische Detailangaben
1. Verfasser: Nabokov, Vladimir Vladimirovič (Verfasst von)
Weitere Verfasser: Nabokov, Dmitri (Herausgegeben von)
Format: Buch
Sprache:Italienisch
Veröffentlicht: Milano : Adelphi, [2008]
Schriftenreihe:Biblioteca Adelphi ; 520
Tags: Tag hinzufügen
Keine Tags, Fügen Sie das erste Tag hinzu!

MARC

LEADER 00000nam a22000007i 4500
001 IT\ICCU\TSA\1023672
003 ItRI
005 20250213222515.0
008 080310s2008 it |||||| ||||| |||||c
020 |a 9788845922152 
040 |b ita  |c Arcigay Rimini 
041 7 |a ita  |2 ISO-639-2 
082 |a 813.54  |2 21 
100 1 |a Nabokov, Vladimir Vladimirovič  |0 IT\ICCU\CFIV\000621  |4 aut 
240 1 4 |a The stories of Vladimir Nabokov  |9 Nabokov, Vladimir Vladimirovič 
245 1 4 |a Una bellezza russa e altri racconti /  |c Vladimir Nabokov ; a cura di Dmitri Nabokov. 
246 1 3 |a Una bellezza russa 
260 |a Milano :  |b Adelphi,  |c [2008] 
300 |a 758 p. ;  |c 22 cm 
500 |a Traduzioni di Dmitri Nabokov, Franca Pece, Anna Raffetto, Ugo Tessitore 
500 |a Cura editoriale di Anna Raffetto. 
700 1 |a Nabokov, Dmitri  |0 IT\ICCU\CFIV\047389  |4 edt 
830 0 |a Biblioteca Adelphi ;  |v 520  |0 IT\ICCU\CFI\0014578 
942 |2 ddc  |c BK 
952 |0 0  |1 0  |2 ddc  |4 0  |6 813_540000000000000_NAB_UNA  |7 1  |9 3113  |a RN  |b RN  |d 2025-02-13  |l 0  |o 813.54 NAB UNA   |p 10388  |r 2025-02-13 22:25:53  |w 2025-02-13  |y BK  |z Donazione di Giovanni Rimondini 
981 1 |6 z01  |a i   |b xxxe  
982 1 |6 z01  |a n 
999 |c 2505  |d 2505